[Event "Badalona Castella op-B 45th"]
[Site "Badalona"]
[Date "2019.08.08"]
[Round "7.9"]
[White "Alonso Gomez, Raul"]
[Black "Valero Recalde, Pablo"]
[Result "1-0"]
[WhiteElo "1891"]
[BlackElo "1714"]
[PlyCount "31"]
[EventDate "2019.08.02"]
[EventType "swiss"]
[EventRounds "9"]
[EventCountry "ESP"]
[SourceTitle "EXT 2024"]
[Source "ChessBase"]
[SourceDate "2023.10.10"]
[SourceVersion "1"]
[SourceVersionDate "2023.10.10"]
[SourceQuality "1"]

1. g3 e6 2. Bg2 f5 3. c4 Nf6 4. Nc3 Be7 5. Nh3 0-0 6. d4 d6 7. Qb3 c6 8. Nf4 Qb6 9. Qd1 e5 10. dxe5 dxe5 11. Nd3 Bd6 12. c5 Bxc5 13. Na4 Bb4+ 14. Kf1 Qd4 15. Qb3+ Kh8 16. Qxb4 1-0

[Event "Barcelona Sant Marti op-B 20th"]
[Site "Barcelona"]
[Date "2018.07.14"]
[Round "2"]
[White "Melnik, Alexander"]
[Black "Valero Recalde, Pablo"]
[Result "1-0"]
[WhiteElo "1882"]
[BlackElo "1715"]
[PlyCount "61"]
[EventDate "2018.07.13"]
[EventType "swiss"]
[EventRounds "9"]
[EventCountry "ESP"]
[SourceTitle "EXT 2019"]
[Source "ChessBase"]
[SourceDate "2018.10.10"]
[SourceVersion "1"]
[SourceVersionDate "2018.10.10"]
[SourceQuality "1"]

1. e4 d6 2. d4 Nf6 3. Bd3 e5 4. Nf3 Nbd7 5. 0-0 c6 6. c3 h6 7. a4 a5 8. Nbd2 Qc7 9. Re1 Be7 10. Nf1 Nf8 11. Ng3 g6 12. Be3 Ne6 13. h3 Nf4 14. Bxf4 exf4 15. Ne2 Nh5 16. Qc2 g5 17. e5 d5 18. c4 Be6 19. cxd5 Bxd5 20. Nc3 Bxf3 21. gxf3 Qd7 22. e6 Qxd4 23. exf7+ Kf8 24. Re4 Qd7 25. Rae1 Bb4 26. Re8+ Kg7 27. R8e6 Nf6 28. Bg6 Nd5 29. Qf5 Qd8 30. Nxd5 cxd5 31. Qe5+ 1-0

[Event "Barcelona Sant Marti op-B 19th"]
[Site "Barcelona"]
[Date "2017.07.17"]
[Round "5"]
[White "Valero Recalde, Pablo"]
[Black "Bois D`Enghien, Noumea"]
[Result "1-0"]
[WhiteElo "1730"]
[BlackElo "1270"]
[PlyCount "67"]
[EventDate "2017.07.13"]
[EventType "swiss"]
[EventRounds "9"]
[EventCountry "ESP"]
[SourceTitle "EXT 2018"]
[Source "ChessBase"]
[SourceDate "2017.10.13"]
[SourceVersion "1"]
[SourceVersionDate "2017.10.13"]
[SourceQuality "1"]

1. d4 d6 2. c4 Nf6 3. Nc3 g6 4. e4 Bg7 5. Be2 0-0 6. Bg5 b6 7. Qd2 Bb7 8. f3 c5 9. d5 Nbd7 10. h4 Qe8 11. Bd1 Ba6 12. Be2 Rb8 13. a4 Ne5 14. b3 Qd7 15. Nh3 Rfe8 16. Nf2 Nh5 17. Rh3 f6 18. Be3 f5 19. exf5 Qxf5 20. g4 Qf7 21. gxh5 Bc8 22. Rg3 Bf5 23. 0-0-0 e6 24. Nfe4 Rbd8 25. dxe6 Qxe6 26. Qd5 Qxd5 27. Nxd5 Bxe4 28. fxe4 Nc6 29. hxg6 Rxe4 30. gxh7+ Kh8 31. Bd3 Rxh4 32. Rdg1 Rd7 33. Bg5 Rh5 34. Bg6 1-0

[Event "Barcelona Paredes Memorial 19th"]
[Site "Barcelona"]
[Date "2017.05.06"]
[Round "3"]
[White "Catala Ulied, Guillem"]
[Black "Valero Recalde, Pablo"]
[Result "1-0"]
[WhiteElo "1880"]
[BlackElo "1728"]
[PlyCount "73"]
[EventDate "2017.04.22"]
[EventType "swiss"]
[EventRounds "9"]
[EventCountry "ESP"]
[SourceTitle "EXT 2018"]
[Source "ChessBase"]
[SourceDate "2017.10.13"]
[SourceVersion "1"]
[SourceVersionDate "2017.10.13"]
[SourceQuality "1"]

1. e4 c6 2. d4 d5 3. f3 Qb6 4. Nc3 e5 5. dxe5 Bc5 6. Na4 Qa5+ 7. c3 Bxg1 8. Rxg1 dxe4 9. f4 Qd5 10. Be3 Qxd1+ 11. Rxd1 f5 12. exf6 Nxf6 13. g3 Ng4 14. Bd4 Nxh2 15. Rh1 Nf3+ 16. Kf2 Nxd4 17. Rxd4 Be6 18. Rxe4 Kf7 19. c4 Nd7 20. Rxe6 Kxe6 21. Bh3+ Kf6 22. Bxd7 Rad8 23. Nc5 g5 24. Ne4+ Ke7 25. Bf5 gxf4 26. gxf4 Rdf8 27. Rh5 h6 28. Kf3 Rd8 29. Bg4 Rd3+ 30. Ke2 Rd4 31. Re5+ Kd8 32. b3 Kc7 33. c5 h5 34. Bh3 Rf8 35. f5 Rf7 36. Ng5 Rfd7 37. Ne6+ 1-0

[Event "Barcelona Tres Peons-F 45th"]
[Site "Barcelona"]
[Date "2016.04.15"]
[Round "1.1"]
[White "Serentill Tost, Eduard"]
[Black "Valero Recalde, Pablo"]
[Result "1/2-1/2"]
[WhiteElo "1620"]
[BlackElo "1867"]
[PlyCount "65"]
[EventDate "2016.04.15"]
[EventType "swiss"]
[EventRounds "9"]
[EventCountry "ESP"]
[SourceTitle "EXT 2024"]
[Source "ChessBase"]
[SourceDate "2023.10.10"]
[SourceVersion "1"]
[SourceVersionDate "2023.10.10"]
[SourceQuality "1"]

1. e4 c6 2. d4 d5 3. Nc3 dxe4 4. Nxe4 Bf5 5. Ng3 Bg6 6. h4 h6 7. Nf3 Nd7 8. h5 Bh7 9. Bd3 Bxd3 10. Qxd3 Ngf6 11. Bd2 Qc7 12. 0-0-0 e6 13. Ne4 Nxe4 14. Qxe4 Nf6 15. Qe2 0-0-0 16. c4 c5 17. dxc5 Bxc5 18. b4 Bd4 19. Kb1 Qd6 20. Nxd4 Qxd4 21. f3 Qd3+ 22. Qxd3 Rxd3 23. Rh4 Rhd8 24. Kc2 R8d6 25. c5 R6d5 26. Rh3 Nd7 27. Rhh1 Nf6 28. Rh4 Ra3 29. Kb2 Rad3 30. Kc2 Ra3 31. Kb2 Rad3 32. Kc2 Ra3 33. Kb2 1/2-1/2

[Event "Barcelona Sant Marti op-B 17th"]
[Site "Barcelona"]
[Date "2015.07.21"]
[Round "9"]
[White "Valero Recalde, Pablo"]
[Black "Varela Cuadrado, Cesar M"]
[Result "0-1"]
[WhiteElo "1800"]
[BlackElo "1876"]
[PlyCount "120"]
[EventDate "2015.07.13"]
[EventType "swiss"]
[EventRounds "9"]
[EventCountry "ESP"]
[SourceTitle "EXT 2016"]
[Source "ChessBase"]
[SourceDate "2015.10.08"]
[SourceVersion "1"]
[SourceVersionDate "2015.10.08"]
[SourceQuality "1"]

1. d4 f5 2. c4 Nf6 3. h4 d6 4. Bg5 Nbd7 5. e3 h6 6. Bxf6 Nxf6 7. Be2 g6 8. Nh3 e5 9. dxe5 dxe5 10. Qxd8+ Kxd8 11. Nc3 c6 12. 0-0-0+ Kc7 13. c5 Be6 14. Ng1 Bg7 15. Nf3 Ng4 16. Rhf1 Rhd8 17. Nd2 Nf6 18. Nc4 Nd5 19. Nb1 b6 20. cxb6+ axb6 21. a3 b5 22. Ncd2 Nb6 23. e4 Na4 24. f3 h5 25. Rg1 Bh6 26. Kc2 Be3 27. Rh1 f4 28. Nb3 Rxd1 29. Rxd1 Rd8 30. N3d2 Bf2 31. Rh1 Ba2 32. b3 Bxb1+ 33. Nxb1 Nc5 34. Kc3 Ne6 35. Bd1 Be3 36. b4 Nd4 37. a4 bxa4 38. Bxa4 Nb5+ 39. Kc2 Rd4 40. Kb3 Kd7 41. Rf1 Nd6 42. Kc3 Rc4+ 43. Kb3 Rc1 44. Rxc1 Bxc1 45. Nc3 Be3 46. b5 cxb5 47. Nxb5 Nxb5 48. Bxb5+ Ke6 49. Be8 Kf6 50. Kc4 Bf2 51. Kd5 Bxh4 52. Bd7 Bf2 53. Bh3 Bd4 54. Kd6 Kg5 55. Ke6 Kh4 56. Kf6 g5 57. Bf5 g4 58. fxg4 hxg4 59. Kg6 f3 60. gxf3 g3 0-1

[Event "Barcelona Sant Marti op-B 17th"]
[Site "Barcelona"]
[Date "2015.07.18"]
[Round "6"]
[White "Calbet Freixanet, Eduard"]
[Black "Valero Recalde, Pablo"]
[Result "1-0"]
[WhiteElo "1890"]
[BlackElo "1800"]
[PlyCount "111"]
[EventDate "2015.07.13"]
[EventType "swiss"]
[EventRounds "9"]
[EventCountry "ESP"]
[SourceTitle "EXT 2016"]
[Source "ChessBase"]
[SourceDate "2015.10.08"]
[SourceVersion "1"]
[SourceVersionDate "2015.10.08"]
[SourceQuality "1"]

1. d4 d5 2. c4 Nc6 3. Nf3 Bg4 4. cxd5 Bxf3 5. dxc6 Bxc6 6. Nc3 e6 7. e4 Bb4 8. f3 Qd7 9. Be3 Bxc3+ 10. bxc3 Bb5 11. c4 Ba6 12. Be2 Ne7 13. 0-0 Rd8 14. d5 0-0 15. Qc2 exd5 16. cxd5 Bxe2 17. Qxe2 b6 18. Qc2 c6 19. dxc6 Qxc6 20. Rac1 Qxc2 21. Rxc2 Rd7 22. Rfc1 Rfd8 23. Rc7 f5 24. Bg5 Rd1+ 25. Rxd1 Rxd1+ 26. Kf2 Ng6 27. exf5 Ne5 28. Rxa7 h6 29. Be3 Nc4 30. Rc7 Nxe3 31. Kxe3 Ra1 32. Ra7 Rb1 33. a4 Rb2 34. Rb7 Rxg2 35. Rxb6 Rxh2 36. a5 Ra2 37. Rb8+ Kf7 38. Ra8 Kf6 39. a6 Kxf5 40. a7 Kg6 41. f4 Kh5 42. f5 Ra1 43. Kf4 Ra5 44. Ke4 Kg4 45. f6 Ra4+ 46. Kd3 Ra3+ 47. Kc4 gxf6 48. Rg8+ Kh4 49. a8Q Rxa8 50. Rxa8 h5 51. Rg8 Kh3 52. Kd3 h4 53. Ke3 Kh2 54. Kf2 h3 55. Rh8 f5 56. Rh7 1-0

[Event "Barcelona Sant Marti op-B 17th"]
[Site "Barcelona"]
[Date "2015.07.16"]
[Round "4"]
[White "Pera Muntasell, Marc"]
[Black "Valero Recalde, Pablo"]
[Result "1-0"]
[WhiteElo "1958"]
[BlackElo "1800"]
[PlyCount "101"]
[EventDate "2015.07.13"]
[EventType "swiss"]
[EventRounds "9"]
[EventCountry "ESP"]
[SourceTitle "EXT 2016"]
[Source "ChessBase"]
[SourceDate "2015.10.08"]
[SourceVersion "1"]
[SourceVersionDate "2015.10.08"]
[SourceQuality "1"]

1. e4 Nf6 2. e5 Nd5 3. d4 d6 4. c4 Nb6 5. exd6 cxd6 6. b3 g6 7. Bb2 Bg7 8. Nf3 0-0 9. Be2 Bf5 10. 0-0 Nc6 11. Re1 Re8 12. Nbd2 Nb4 13. Rf1 Bc2 14. Qc1 Bd3 15. Qd1 Bxe2 16. Qxe2 Nd7 17. a3 Nc6 18. Rac1 a6 19. Rfd1 Rb8 20. Nf1 e5 21. dxe5 Ndxe5 22. Nxe5 Bxe5 23. Bxe5 Rxe5 24. Qd3 Re6 25. Ng3 Qe7 26. Qd2 Re8 27. Kf1 f5 28. b4 Ne5 29. f4 b5 30. fxe5 Rxe5 31. cxb5 axb5 32. Re1 Qh4 33. Rxe5 Rxe5 34. Re1 Qxh2 35. Rxe5 dxe5 36. Qd5+ Kg7 37. Qxe5+ Kf7 38. Kf2 Qh4 39. Kf3 Qg4+ 40. Kf2 Qc4 41. Ne2 Qh4+ 42. Qg3 Qc4 43. Qf4 Qc2 44. Qd4 Qc6 45. Qh8 h5 46. Qh7+ Kf6 47. Qh8+ Kf7 48. Qe5 Qc4 49. Qd4 Qc6 50. Nc3 Kf8 51. Qc5+ 1-0